[Event "FIDE-Wch k.o."]
[Site "Moscow"]
[Date "2001.11.30"]
[Round "2.2"]
[White "Pigusov, Evgeny"]
[Black "Zhang, Pengxiang"]
[Result "1-0"]
[WhiteElo "2613"]
[BlackElo "2530"]
[Annotator "Horn,Pe"]
[PlyCount "83"]
[EventDate "2001.11.27"]
[EventType "k.o."]
[EventRounds "7"]
[EventCountry "RUS"]
[SourceTitle "CBM 086"]
[Source "ChessBase"]
[SourceDate "2002.02.05"]
[SourceVersion "1"]
[SourceVersionDate "2002.02.05"]
[SourceQuality "1"]

1. Nf3 d5 2. g3 Bg4 3. Bg2 Nd7 4. c4 e6 5. d3 c6 6. O-O Bxf3 7. Bxf3 d4 $6 $146
({Bislang versuchte Schwarz den Abtausch mit} 7... dxc4 8. dxc4 Ne5 {zu
rechtfertigen, womit das Spiel etwas verflacht.} 9. Nd2 $5 (9. Qb3 Nxf3+ 10.
Qxf3 Qd4 (10... Nf6 11. Nc3 Be7 12. Bg5 O-O 13. Rfd1 Qc7 14. Rd3 Rfd8 {
Dizdarevic,E-Dizdar,G/Zagreb 1993 Weiß hat höchstens einen hauchdünnen Vorteil.
}) 11. Qb3 Qb6 12. Qxb6 axb6 13. Be3 Bc5 $11 {Kholmov,R-Sherbakov,R/
Cheliabinsk 1989}) 9... Nxf3+ 10. Nxf3 Qxd1 11. Rxd1 Nf6 12. Be3 Be7 13. Rd3
$14 {Pigusov,E-Sherbakov,R/St Petersburg 1998 Weiß hat eine leichte Initiative.
}) 8. e3 {Konsequent.} Ne5 9. Be2 (9. Bg2 $2 {geht natürlich nicht:} dxe3 $17 {
[%csl Rd3]}) 9... h5 {Mit ruhigen Zügen kann Schwarz sein bisheriges Vorgehen
nicht rechtfertigen.} 10. exd4 {Das alte Rezept: der frühe Flügelangriff wird
mit einem Gegenschlag im Zentrum beantwortet.} (10. f4 Ng4 $13) 10... Qxd4 11.
Nc3 {[%cal Yc1e3]} Nf6 (11... h4 12. Be3 Qd7 13. d4 Ng6 14. g4 $16 (14. Bd3 $5)
) 12. Be3 Qd7 13. d4 Neg4 14. Bg5 O-O-O 15. d5 $1 exd5 16. cxd5 Qf5 (16... cxd5
$2 17. Nb5 $40) 17. Bxf6 Nxf6 18. Bd3 Qh3 (18... Qd7 19. Qf3 $14 {[%cal Rd3f5]}
) 19. Qf3 ({Das direkte} 19. dxc6 $1 {hätte hier anscheinend nach wilden
Verwicklungen zum Erfolg geführt:} Ng4 (19... bxc6 20. Ba6+ Kc7 21. Qb3 Rb8 22.
Qxf7+ Kb6 23. Be2 Ng4 $2 24. Na4+ $18) 20. Bf5+ Kc7 21. Nb5+ Kxc6 22. Nxa7+ Kc7
23. Rc1+ (23. Nb5+ Kc6) 23... Bc5 24. Rxc5+ Kb8 25. Nc6+ bxc6 26. Qb3+ Kc7 27.
Qxf7+ Kb6 (27... Kb8 28. Qb3+ Kc7 29. Rxc6+ Kxc6 30. Rc1+ Kd6 31. Qe6#) 28.
Rxc6+ Kxc6 29. Rc1+ $18) 19... Ng4 20. Qh1 (20. Qg2 {ist ängstlich:} Qxg2+ 21.
Kxg2 cxd5 $17) 20... Ne5 ({Auch} 20... h4 {war zu überlegen:} 21. Qg2 (21. Bf5+
Kb8 22. Bxg4 Qxg4 23. dxc6 $2 (23. h3 Qg5) 23... hxg3) (21. Be4 hxg3 22. hxg3
Qxh1+ 23. Bxh1 Bc5 $132) 21... Qxg2+ 22. Kxg2 Kc7 $132) 21. Be4 h4 22. dxc6 Bc5
(22... bxc6 23. Bxc6 hxg3 24. hxg3 Bc5 25. Qg2 $14) 23. Qg2 Qg4 $2 {Hier
überschätzt Schwarz seine Möglichkeiten.} ({Das einfache} 23... Qxg2+ 24. Kxg2
bxc6 {ließ Schwarz bei den ungleichen B hinreichendes Gegenspiel.}) 24. h3 Qxg3
25. cxb7+ Kb8 26. Na4 Bd4 27. Rac1 Qf4 28. Nc5 Rd6 29. Nd3 ({Weiß konnte hier
die Qualität gewinnen:} 29. Na6+ $5 Rxa6 30. Rc8+ Rxc8 31. bxc8=Q+ Kxc8 32.
Bb7+ Kb8 33. Bxa6 Nf3+ 34. Kh1 $18 {Die schwarzen Figuren stehen zwar momentan
ganz nett, aber wegen der Mattdrohung auf b7 geht gleich Re1.}) 29... Nxd3 30.
Bxd3 f5 $2 {Soviel Zeit hat Schwarz nicht.} ({Er sollte sich gleich um den Pb7
kümmern:} 30... Rb6 $5) 31. Rc2 Bxb2 ({Nun ist es zu spät für} 31... Rb6 32.
Rfc1 Rxb7 33. Ba6 $18) 32. Rxb2 $2 ({Die hübsche Lösung des Problems war} 32.
Re1 $1 Rxd3 33. Rc8+ Rxc8 34. bxc8=Q+ Kxc8 35. Qc6+ Qc7 $8 36. Qa6+ $18) 32...
Rxd3 33. Rc2 Qd4 $2 (33... Rd7 $16) 34. Rc8+ $2 ({Nach} 34. Qc6 {hat Schwarz
nur noch ein Strohfeuer:} Rg3+ (34... Qd7 35. Qa6 $18) 35. Kh2 Rxh3+ 36. Kxh3
Qg4+ 37. Kh2 Qf4+ 38. Kh1 $18 {und der Spuk ist vorbei.}) 34... Rxc8 35.
bxc8=Q+ Kxc8 36. Rc1+ Kd8 ({auch} 36... Kb8 {kam in Betracht:} 37. Rb1+ (37.
Qc6 Rd1+) 37... Kc7 38. Qb7+ (38. Rb7+ Kd8 39. Rb8+ Ke7) 38... Kd6) 37. Qg5+
Kd7 $2 (37... Qf6 38. Qf4 Rd6 {bot gute Verteidigungschancen.}) 38. Qxf5+ Kd6
$8 39. Qg6+ Ke7 40. Re1+ Kd8 (40... Kd7 41. Qf7+ Kc6 42. Re6+ $18) 41. Re8+ Kc7
42. Re7+ (42. Re7+ Kb8 43. Qe8+ Qd8 44. Qb5+ Qb6 45. Qxd3 $18) 1-0

[Event "CRO-ch"]
[Site "Slavonski Brod"]
[Date "1995.??.??"]
[Round "?"]
[White "Kozul, Zdenko"]
[Black "Rogic, Davor"]
[Result "1-0"]
[WhiteElo "2570"]
[BlackElo "2460"]
[Annotator "Horn,Pe"]
[PlyCount "67"]
[EventDate "1995.02.??"]
[EventType "tourn"]
[EventRounds "13"]
[EventCountry "CRO"]
[EventCategory "10"]
[SourceTitle "CBM 048"]
[Source "ChessBase"]
[SourceDate "1995.10.01"]
[SourceVersion "1"]
[SourceVersionDate "1995.10.01"]
[SourceQuality "1"]

1. Nf3 d5 2. c4 c6 3. e3 Nf6 4. Nc3 e6 5. a3 $146 (5. b3 Nbd7 6. Qc2 (6. Bb2 {
/\ d4 ->D45}) 6... Bd6 7. Bb2 O-O 8. Be2 Re8 9. O-O e5 (9... a6 10. d4 $14) 10.
cxd5 Nxd5 11. Ne4 Bc7 12. Rad1 $146 (12. a3) 12... Nf8 13. d3 (13. d4 $5 {Piket
}) 13... Qe7 14. a3 a5 15. Rfe1 Bf5 16. Ng3 Bg6 17. Qc4 Nb6 18. Qg4 Qd7 $10 {
Polugaevsky,L-Piket,J/Aruba m/1994}) (5. d4 {->D4}) 5... Nbd7 6. b4 Bd6 7. Bb2
O-O 8. Qc2 Qe7 9. Be2 a6 10. Rg1 $6 {[%cal Yg2g4] White plays for an attack
with Pg4-g5, but black seems to be well prepared. Critical will be the control
of /^b2-g7.} dxc4 11. g4 (11. Bxc4 b5 12. Be2 c5 $15) 11... b5 (11... c5 $6 12.
g5 Nd5 (12... Nh5 13. Ne4 $44) 13. bxc5 Nxc5 14. Bxc4 Nb6 15. Ba2 $14) 12. g5
Nd5 13. Ne4 e5 (13... c5 $2 14. bxc5 Bxc5 15. d3 $1 cxd3 16. Bxd3 Bb7 (16... g6
17. Bf6 $1 $18) 17. Nxc5 Nxc5 (17... Qxc5 18. Bxh7+ Kh8 19. Qe4 {/\ Qh4+-}) 18.
Bxh7+ Kh8 19. Rg3 $40) 14. d4 Bc7 15. Rd1 Kh8 $1 (15... a5 16. dxe5 Kh8 (16...
Nxe5 $2 17. Rxd5 $1 cxd5 18. Nf6+ $18) 17. Nf6 gxf6 18. gxf6 $40) 16. Nc3 N5b6
$6 (16... a5 $1 17. Qe4 (17. Nxd5 cxd5 18. dxe5 axb4 19. axb4 Qxb4+ $17) (17.
e4 axb4 18. exd5 bxc3 $19) 17... Bb7 18. Nh4 Rfb8 19. Nf5 Qf8 $17) 17. Qe4 Bb7
18. Qh4 Rae8 (18... a5 $5 19. bxa5 Rxa5 20. Rg3 Re8 21. Nxe5 b4 (21... Nxe5 22.
dxe5 Bxe5 (22... Qxe5 $2 23. Rh3 Qf5 24. e4 Qg6 25. Bh5 $18) 23. Rh3 h6 24.
gxh6 g5 $13) 22. axb4 Qxb4 23. Rh3 Nf8 24. Rd2 Bxe5 25. dxe5 Bc8 $132) 19. Rg3
f5 $2 (19... Qe6 $1 20. Rh3 (20. g6 $6 fxg6 21. Ng5 Qg8) 20... Qg6 $17) (19...
f6 $6 20. Rh3 g6 21. gxf6 Nxf6 (21... Rxf6 22. dxe5 $16) 22. dxe5 Nh5 23. Ng5
$1 $16) 20. Rh3 g6 21. dxe5 {[%cal Rb2h8]} Nxe5 (21... Kg8 22. e6 Ne5 23. Nxe5
Bxe5 24. Na4 Nxa4 25. Bxe5 c5 26. Qh6 $18) 22. Nxe5 (22. Nxb5 $5 cxb5 23. Nxe5
Bxe5 24. Bxe5+ Kg8 25. Bd6 $18) 22... Bxe5 23. f4 (23. Nd5 cxd5 24. Bxe5+ Kg8
25. Bd6 $18) 23... Na4 (23... Bxc3+ $142 24. Bxc3+ Kg8 25. Rd6 Nd5 26. Rxg6+
hxg6 27. Qh8+ Kf7 28. Rh7+ Ke6 29. Rxe7+ Kxe7 30. Qg7+ $18) 24. Nxa4 Bxb2 25.
Nxb2 c5 26. bxc5 Bg2 27. Rg3 Be4 28. Qh6 Rf7 29. Rd6 Kg8 30. Nxc4 Qc7 31. Ne5
Rg7 32. Rh3 Qxc5 33. Rxg6 Ree7 34. Qxh7+ 1-0

[Event "CRO-ch"]
[Site "Slavonski Brod"]
[Date "1995.??.??"]
[Round "?"]
[White "Dizdar, Goran"]
[Black "Loncar, Robert"]
[Result "1-0"]
[WhiteElo "2510"]
[BlackElo "2385"]
[Annotator "Horn,Pe"]
[PlyCount "141"]
[EventDate "1995.02.??"]
[EventType "tourn"]
[EventRounds "13"]
[EventCountry "CRO"]
[EventCategory "10"]
[SourceTitle "CBM 048"]
[Source "ChessBase"]
[SourceDate "1995.10.01"]
[SourceVersion "1"]
[SourceVersionDate "1995.10.01"]
[SourceQuality "1"]

1. Nf3 d5 2. g3 c6 3. Bg2 Bg4 4. c4 Nd7 5. cxd5 cxd5 6. Nc3 e6 7. Qb3 (7. Qa4
Bxf3 $1 $10 {Petrosian,A-Sherbakov,R /EUCup/1991} (7... Ngf6 8. Ne5)) (7. d4
Ne7 8. O-O Nc6 9. h3 Bxf3 10. Bxf3 Be7 11. e4 dxe4 12. Bxe4 Nf6 13. Bg2 O-O 14.
Be3 Qa5 15. d5 exd5 16. Nxd5 Rfd8 17. Nxe7+ Nxe7 18. Qb3 $16 {1-0 Romanishin,
O-Dorfman,I/URS-ch46 Tbilisi 1978 (41)}) 7... Qb6 (7... Bxf3 8. Bxf3 Qb6 9.
Qxb6 Nxb6 10. O-O Ne7 11. d3 Nc6 12. Be3 Nc8 13. Rac1 Bd6 14. Bg2 N8e7 15. Nb5
Be5 16. Bc5 O-O 17. d4 Bf6 18. e3 Rfd8 19. Rfd1 Nf5 20. g4 Nh4 21. Bh1 Ng6 22.
f4 Be7 23. f5 Bxc5 24. dxc5 Nf8 25. fxe6 fxe6 26. e4 Ne7 27. exd5 Nxd5 28. Nd6
Rd7 29. Rxd5 $1 $16 {Kengis,E-Pavasovic,D/Bern op/1995}) 8. Qxb6 axb6 9. O-O
Bxf3 (9... Ngf6 10. d3 Be7 11. Bd2 O-O 12. Rfc1 Rfc8 13. Kf1 {0.5/
Davies-Kharitonov/Moscow/1988/} (13. Nd4 $5 $14)) 10. Bxf3 Ra5 $2 {Starting
the wrong plan.} (10... Nc5 11. Rb1) (10... Ngf6 11. d4 (11. d3) (11. Nb5 Ra5))
11. d4 b5 $2 {This is only logical after Ra5, but it weakens the Pb5 too much.}
(11... Bd6 12. Bf4 Ke7 13. Bxd6+ Kxd6 14. a4 Ngf6) 12. Bd2 {[%cal Rc3d5]} b4
13. Nd1 Ra7 $2 (13... Rb5 14. Ne3 (14. b3 Ne7 15. Nb2 Nc6 16. e3 Bd6 17. Nd3
Ke7) (14. Rc1 Ne7) 14... Ne7 15. Nc2 Nc6 16. Rfb1) 14. Ne3 {[%csl Rb4][%cal
Re3c2]} Nb8 $1 15. Nc2 Nc6 16. e3 {[%cal Yf3e2,Ye2b5]} Nf6 $2 (16... Bd6 17.
Be2 Nge7 18. Bb5 O-O) 17. Rfc1 (17. Be2 Ne4) 17... Kd7 18. Be2 Ne4 19. Be1 Be7
20. f3 Nf6 21. Bb5 b3 $1 (21... Rha8 22. Nxb4 Bxb4 23. Bxb4 Rxa2 24. Rxa2 Rxa2
25. Ba3 $18 {[%csl Ra2]}) 22. axb3 {Now white is a P ahead, but it's only
Pb2+b3 against Pb7.} Rha8 23. Ra4 Kc7 $1 (23... Kd8 $2 24. Bxc6 bxc6 25. Rca1
Rxa4 26. bxa4 {This is, what white is hoping for: changing his Pb3 to a4.}) 24.
Nb4 Bxb4 25. Bxb4 Nd7 26. Ra3 Kb6 27. Bxc6 bxc6 28. Rca1 Ra6 29. Kf2 (29. Rxa6+
$4 Rxa6 30. Rxa6+ Kxa6 $10 {This is, what black is hoping for: once the R's
are exchanged, he is safe.}) 29... Kb5 30. Ke2 f6 $2 {It would be interesting,
to see white's plan against passive defense: Ra8-a7-a8 etc. He needs a target
or an open line in the centre or at the K's side, but that is not easily
achieved.} 31. Kd3 e5 $2 32. Bd6 exd4 $2 33. exd4 {Black has played into
white's hands: the open line is just what he wanted.} g6 34. g4 Nb6 35. Bc5 Nd7
36. Bd6 Nb6 37. h3 Nd7 38. h4 Nb6 39. Bc5 Nd7 40. Bd6 Ra5 41. Re1 $1 $18 c5 42.
Re7 Rxa3 43. bxa3 c4+ 44. Kc3 Kc6 45. Bb4 cxb3 46. Kxb3 h5 47. Rh7 Re8 48. Be7
Nb6 49. Kc3 Nc4 50. Kd3 Rb8 51. gxh5 gxh5 52. Bxf6 Rb3+ 53. Ke2 Rxa3 54. Rxh5
Ra2+ 55. Ke1 Ne3 56. Rh8 Ng2+ 57. Kf1 Ne3+ 58. Ke1 Ng2+ 59. Kf1 Ne3+ 60. Kg1
Rg2+ 61. Kh1 Rf2 62. h5 Rxf3 63. Be5 Nf5 64. Kg2 Nh4+ 65. Kh2 Kd7 66. h6 Rf5
67. h7 Rh5 68. Ra8 Rg5 69. Rf8 Ke7 70. h8=Q Nf3+ 71. Rxf3 1-0

[Event "Santa Clara"]
[Site "Santa Clara"]
[Date "1991.??.??"]
[Round "5"]
[White "Nogueiras Santiago, Jesus"]
[Black "Antunes, Antonio"]
[Result "1/2-1/2"]
[WhiteElo "2535"]
[BlackElo "2460"]
[Annotator "Horn,Pe"]
[PlyCount "117"]
[EventDate "1991.02.??"]
[EventType "tourn"]
[EventRounds "13"]
[EventCountry "CUB"]
[EventCategory "9"]
[SourceTitle "CBM 026"]
[Source "ChessBase"]
[SourceDate "1992.02.01"]
[SourceVersion "1"]
[SourceVersionDate "1992.02.01"]
[SourceQuality "1"]

1. Nf3 d5 2. g3 Nf6 3. Bg2 Bg4 4. c4 c6 5. Ne5 Be6 (5... Bh5 6. cxd5 Nxd5 7.
Nc3 e6 8. g4 Bg6 9. h4 $14) (5... Bf5 6. cxd5 cxd5 7. Nc3 e6 8. g4 Bg6 9. h4
Bd6 10. d4 O-O {Hodgson-Plaskett, London 1989}) 6. cxd5 Bxd5 7. Nf3 g6 $6 {N} (
7... e5 8. Nc3 e4 9. Nh4 Qd7 10. d3 Bb4 11. O-O Bxc3 12. bxc3 exd3 13. exd3 O-O
{Kirov-Ivkov, Bor 1984} 14. c4 $1 Bxg2 15. Kxg2 {/\ Lb2,Qf3+/= Vaganian}) (7...
c5 $5 8. O-O e6 9. Nc3 Bc6 $10) 8. O-O Bg7 9. d3 O-O 10. Nc3 Re8 11. e4 Be6 12.
Ng5 Bc8 13. Qb3 e6 14. Rd1 h6 15. Nf3 e5 16. d4 $14 exd4 17. Nxd4 Qe7 18. Bf4 (
18. h3 $5) 18... Na6 {/\ Nc5(-e6)} 19. Qc4 Ng4 20. h3 Ne5 21. Qe2 Be6 22. Nxe6
(22. Bxe5 Bxe5 23. Nxc6 bxc6 24. Qxa6 Qb4 $44) 22... Qxe6 23. Be3 Qc4 24. Bf1
Qe6 25. f4 $16 Nd7 26. e5 Nb6 27. Rd6 Qe7 28. Rad1 Rad8 (28... f6 $2 29. Bxb6
axb6 30. Qc4+) 29. Rxd8 Rxd8 30. Rxd8+ Qxd8 31. Qd3 Qe7 32. Ne4 Bf8 33. h4 Qe6
34. Qb3 (34. h5 $5 Qxa2 $2 35. Nf6+ Kg7 36. Ne8+ Kh7 37. hxg6+ fxg6 38. Bxb6
axb6 39. Qd7+ Kh8 40. Nf6 Bc5+ 41. Kh2 Qxb2+ 42. Kh3 $18) 34... Qxb3 35. axb3
Nc7 36. Bh3 (36. Nc5 Nbd5 37. Bf2 b6) 36... Ne6 37. h5 Nd5 38. Bxa7 gxh5 39. f5
Nec7 40. Bf2 (40. f6 $1 $16) 40... f6 $1 $14 41. e6 Bb4 42. Bf1 Ne8 43. Be2 Ng7
44. Bc4 Be7 (44... Nxf5 45. Bxd5 cxd5 46. Nxf6+) 45. Bxd5 cxd5 46. Nc3 Nxf5 47.
Nxd5 Kf8 48. Kg2 Ng7 49. Bd4 Nxe6 50. Bxf6 Bd6 51. Bc3 Kf7 52. Ne3 Kg6 53. Nc4
Bc7 54. b4 Kf5 55. b5 b6 56. Bd2 Ke4 57. Bxh6 Kd5 58. b3 Kc5 59. Be3+ 1/2-1/2

[Event "URS-chT Republics 19th final B"]
[Site "Azov"]
[Date "1991.??.??"]
[Round "?"]
[White "Zilberman, Nathan R"]
[Black "Guliev, Sarhan"]
[Result "1/2-1/2"]
[WhiteElo "2400"]
[BlackElo "2375"]
[Annotator "Horn,Pe"]
[PlyCount "104"]
[EventDate "1991.??.??"]
[EventType "team-tourn"]
[EventRounds "4"]
[EventCountry "URS"]
[SourceTitle "EXT 2020"]
[Source "ChessBase"]
[SourceDate "2019.10.17"]
[SourceVersion "1"]
[SourceVersionDate "2019.10.17"]
[SourceQuality "1"]
[WhiteTeam "Kirgizia"]
[BlackTeam "Azerbaijan"]
[WhiteTeamCountry "KGZ"]
[BlackTeamCountry "AZE"]

1. c4 c6 2. Nf3 d5 3. g3 Nf6 4. Bg2 Bf5 5. O-O e6 6. d3 Be7 7. Nc3 h6 8. Nd4 {N
} (8. cxd5 exd5 9. Nd4 (9. Qb3 $5 Qb6 10. e4 $5 $36 {Dizdar-Oney, Berlin op
1987}) 9... Bh7 10. e4 O-O 11. exd5 cxd5 12. Re1 $14 {Bezold-Franke,
Bundesliga 1990/91}) 8... Bg4 9. h3 Bh5 10. cxd5 Nxd5 11. Nxd5 exd5 12. Qb3 (
12. Nf5 Bg6 $1 13. Nxg7+ $2 (13. Nxe7 Qxe7 $10) (13. e4 Bxf5 14. exf5 $10)
13... Kf8 $19) 12... Qb6 13. Nf5 Qxb3 14. axb3 (14. Nxg7+ $4 Kf8 $19) 14... Bg6
$1 15. Nxe7 (15. Nxg7+ $4 Kf8 $19) 15... Kxe7 16. e4 $36 dxe4 17. dxe4 Nd7 18.
Be3 a6 19. Rfd1 f6 20. f4 Rhd8 21. b4 Nf8 22. g4 Bf7 23. Bb6 Rxd1+ 24. Rxd1 Nd7
25. Bc7 (25. Be3 $5 $14) 25... Rc8 26. Bd6+ Ke8 27. Kf2 Nb6 $1 {/\ Nc4} 28. e5
fxe5 29. Bxe5 Kf8 {/\ Nd5 oder Bd5} 30. Rd6 Nc4 31. Rd7 Nxe5 32. fxe5 Bd5 $1
33. Rxb7 (33. Bxd5 $6 cxd5 34. Rxd5 Rc2+ 35. Ke3 Rxb2 $10) 33... Bxg2 34. Kxg2
Re8 35. Kf3 Rxe5 36. Rb6 Rd5 37. Ke3 (37. Rxc6 Rd3+ 38. Kg2 Rd2+ $10) 37... a5
(37... Rb5 $2 38. Rxb5 cxb5 39. Kd4 {/\ Kc5-b6}) 38. Rxc6 axb4 39. h4 (39. Rb6
Rd1 40. Rxb4 Rh1 $10) 39... Rd1 40. h5 (40. Rb6 Rh1 41. h5 Rh3+ 42. Kf4 Rb3)
40... Rg1 (40... Rb1 41. Rc2) 41. Rc4 Rg3+ 42. Kf4 Rb3 43. Kf5 Rxb2 44. Kg6 Re2
45. Rxb4 Re6+ 46. Kh7 Re7 47. Ra4 Rb7 48. Ra6 Kf7 49. Rg6 Kf8 50. Kh8 Rd7 51.
Kh7 Rc7 52. Ra6 Kf7 1/2-1/2

[Event "St Petersburg-ch"]
[Site "St Petersburg"]
[Date "1998.04.20"]
[Round "13"]
[White "Loginov, Valery A"]
[Black "Biriukov, Oleg V"]
[Result "1-0"]
[WhiteElo "2500"]
[BlackElo "2390"]
[Annotator "Horn,Pe"]
[PlyCount "119"]
[EventDate "1998.04.07"]
[EventType "tourn"]
[EventRounds "13"]
[EventCountry "RUS"]
[EventCategory "10"]
[SourceTitle "CBM 065"]
[Source "ChessBase"]
[SourceDate "1998.08.06"]
[SourceVersion "1"]
[SourceVersionDate "1998.08.06"]
[SourceQuality "1"]

1. Nf3 Nf6 2. g3 d5 3. Bg2 c6 4. O-O ({nach} 4. c4 {ist} dxc4 {eine anerkannt
gute Verteidigung.}) 4... Bf5 5. c4 dxc4 {Die zusätzlich geschehenen Züge 4.
0-0 Bf5 bevorteilen Weiß, so daß der Textzug eher ein Seitenweg ist.} 6. Na3 e5
(6... b5 7. b3 (7. Ne5 $6 Qc7 8. d4 cxd3 9. Bf4 g5 $17 {Loginov,V-Iuldachev,S/
Tashkent/1992}) 7... cxb3 8. Qxb3 $44 (8. axb3 e6 9. d3 Bc5 10. Nh4 Qb6 11.
Nxf5 exf5 12. Bb2 Nbd7 13. Qc1 Rc8 14. Qg5 O-O 15. Qxf5 Bd4 16. Bxd4 Qxd4 17.
Nc2 $14 {Konopka,M-Trichkov,V/Prague Bohemians-B/1992}) 8... Be4 (8... e6 $6 9.
Ne5) 9. d3 Bxf3 10. Bxf3 a6 11. Nc2 $1 {/\ a4} e6 12. a4 Ra7 (12... Qb6 $6 13.
axb5 $16) (12... Nd5 $14) 13. axb5 cxb5 14. Nb4 Bxb4 15. Qxb4 Qe7 16. Qb3 Qd7
17. Ba3 $14 {Romanishin-Sveshnikov/SU-ch/1979}) (6... Qd5 7. Ng5 $1 (7. Nh4 $6
Be4 8. f3 Bg6 (8... Qc5+ 9. Kh1 Bd5 {Lukacs/Hazai}) 9. Qa4 b5 10. Qa5 e6 11.
Nxg6 hxg6 12. Nc2 Bc5+ $17 {Garibaldi,O-Rossetto,H/ARG-ch/1947} (12... Bd6 $40)
) 7... Qc5 (7... Qd4 8. Qa4 b5 $2 9. Nxb5 cxb5 10. Qxb5+ Bd7 11. Qb7 $18 {
Lukacs/Hazai}) 8. d4 $1 cxd3 9. Qb3 {Lukacs/Hazai: "with a tremendous attack
for White"}) 7. Nxc4 (7. Nxe5 $4 Bxa3 8. bxa3 Qd4 $19) 7... e4 8. Nfe5 Bc5 (
8... Nbd7 9. d4 exd3 10. Nxd3 Be7 11. Qb3 Nb6 12. Na5 $14 {Kärner-Polugajewski/
Tallinn/1973}) 9. d3 $146 (9. Qb3 b5 $2 (9... Qe7 $142) 10. Nd6+ $6 (10. Nxf7
$1 bxc4 (10... Kxf7 11. Nd6+ $18) 11. Qxc4 Qd5 12. Qxd5 cxd5 13. Nxh8 Nc6 14.
d3 $16 (14. b4 $5)) 10... Qxd6 11. Qxf7+ Kd8 12. Qxg7 Rf8 $13 {Bell,S-Howell,J/
BCF-ch/1988}) 9... Nbd7 10. Be3 Nxe5 (10... exd3 11. Nxd3 Be7 (11... Bxe3 $143
12. Nd6+ $16) 12. Qb3 $14) 11. Bxc5 Nxc4 12. dxc4 Qxd1 13. Rfxd1 {[%csl Gc5]
Weiß hat das B-paar und damit die Zukunft für sich. Momentan fristet
allerdings der Bg2 noch ein recht bescheidenes Dasein. Probleme bereitet dem
Schwarzen dagegen der Kollege auf c5, der die wünschenswerte 0-0 verhindert.}
b6 (13... Nd7) 14. Bd6 O-O-O 15. Be5 Rhe8 16. Bc3 Rxd1+ 17. Rxd1 Rd8 18. Rc1 {
Eine interessante Entscheidung: Loginov verspricht sich mehr davon, die Türme
auf dem Brett zu lassen.} c5 (18... h5) 19. Kf1 h5 20. h3 Ne8 21. g4 $1 {
Weiß nutzt sofort das Zurückweichen des Ne8, um die Stellung zu öffnen, was
die Wirkung des B-paars deutlich erhöht.} hxg4 22. hxg4 Bxg4 23. Bxe4 Nd6 24.
Bd5 Bh3+ 25. Ke1 Be6 {Ein häufig anzutreffendes Verteidigungsverfahren gegen
das B-paar: Schwarz halbiert das Paar, indem er den Abtausch "seines" B
erzwingt. Hier bezahlt er aber dafür mit einer Zersplitterung seiner Bauern.}
26. Bxe6+ fxe6 27. Be5 $16 {Das Endspiel ist deutlich besser für Weiß: Schwarz
hat vereinzelte Bauern am K-flügel, die willkomene Angriffsflächen für die
weißen Figuren bilden. Zudem ist der B eine deutlich bessere Figur als der N.
Die Kette Pa7-b6-c5 ist ein ständiger Sorgenherd bei Vereinfachungen, da sie
sich nicht von der Farbe des Be5 entfernen können.} (27. Bxg7 $2 Rg8 28. Bh6
Rg1+ 29. Kd2 Rxc1 30. Kxc1 Nxc4 $11) 27... Ne4 (27... g5 {wäre ein Versuch,
das Spielgeschehen aktiv mitzugestalten.} {nach} 28. f3 $6 (28. b3 $16 {
Aber danach bleibt das Leben trostlos wie vorher.}) 28... g4 {bestehen
Aussichten, die Schwäche am Königsflügel aufzulösen.}) 28. f3 Nf6 29. Kf2 Rh8
30. Rg1 Rh5 31. Bc3 Rh2+ 32. Ke3 Rh7 33. Rd1 (33. Rg6 {An dem damit
verbundenen Bauerngewinn ist Weiß nicht interessiert, da er dafür sein
Prachtstück Be5 gegen den Kümmerling Nf6 abgeben muß.} Kd7 34. Bxf6 gxf6 35.
Rxf6 $14 {Schwarz hat ausgezeichnete Remischancen.}) 33... Rh4 34. b3 Ne8 35.
Bb2 Rh2 36. Be5 Rh4 37. Rg1 Rh7 38. Kf2 Kd7 39. Rd1+ Kc8 40. Kg3 Rh5 41. Bc3
Rh6 42. Kf4 Rh2 43. Ke3 Rh4 44. Rg1 Rh7 45. Be5 Kd7 46. Kf2 Kc8 47. a3 a5 48.
Ke3 Kd7 49. Kd3 Kc8 50. Kc3 Kd7 51. b4 axb4+ 52. axb4 cxb4+ 53. Kxb4 Rh5 54. f4
Rh2 $2 (54... Kc6 {Stellt sich dem Eindringen des Kb4 entgegen.} 55. Bxg7 (55.
Rd1 g5) 55... Nxg7 56. Rxg7 Rf5 (56... Rh2 57. Rg6 Rxe2 58. f5 $18) 57. e3 Rh5
(57... e5 58. Rg5 $18) 58. Rg6 Kd7 $16) 55. Rd1+ Kc8 (55... Kc6 {Nun ist das
zu spät.} 56. Rd8 $18) 56. Rd2 {[%cal Yb4b5]} Rf2 $6 (56... Rh1 57. Kb5 Rb1+
58. Kc6 Rb4 59. Rd4 Rb1 60. Bd6 Nxd6 61. Kxd6 $18) 57. Kb5 g5 58. Kc6 gxf4 59.
Ra2 (59. Bd4 Rh2 60. Bxb6 $18) 59... Kd8 60. Bd4 1-0